| 000 | 00815cam a2200301 i 4500 | ||
|---|---|---|---|
| 001 | 768714001 | ||
| 003 | CO-MdFUSB | ||
| 005 | 20250527155842.0 | ||
| 007 | ta | ||
| 008 | 250527t1991 -us||||| |||| 00| 0 eng d | ||
| 020 | _a1-55513-568-4 | ||
| 040 | _cCO-MdFUSB | ||
| 041 | 0 | _aeng | |
| 082 | 0 | 4 |
_223 _a248.4 _bS5286t |
| 100 | 1 |
_aShank, Bob _eautor |
|
| 245 | 1 | 0 |
_aTotal life management : _bstudies in coping for today´s adult groups _c/ Bob Shank |
| 264 | 1 |
_bDavid C Cook _aElgin. ILL., USA : _c[1991] |
|
| 264 | 4 | _c©1991 | |
| 300 | _a143 páginas | ||
| 336 |
_atexto _btxt _2rdacontent |
||
| 337 |
_2rdamedia _asin mediación _bn |
||
| 338 |
_2rdacarrier _avolumen _bnc |
||
| 563 | _aRústico | ||
| 650 | 0 |
_aVida cristiana _919 |
|
| 942 | _cBK | ||
| 945 | _aMiguel Gómez | ||
| 999 |
_c35963 _d35963 |
||